000 00538nam a2200229Ia 4500
003 OSt
005 20220918184523.0
006 a|||||r|||| 00| 0
007 ta
008 220917b |||||||| |||| 00| 0 eng d
024 _a46,939
037 _cTextual
040 _aARTS
_cARTS
_beng
041 _2eng
_aeng
082 _aP, J92
100 _aBoulton Marjorie
245 0 _aSaying what we mean
260 _c1959
650 _aLINGUISTICS
942 _hP, J92
_cTEXL
_2CC
999 _c176830
_d176830